000 00970nam0a22002651 4500
001 v19\rc\1268397
005 20260407001353.0
035 _a(NLR Aleph) 004421007
090 _a4136275
_c4136275
100 _a20060306d1895 |||y0rusy50 ca
101 0 _arus
102 _aRU
105 _ay z |||||
200 1 _aПроект кондиции на устройство в г. Аккермане водопровода
_eДля доклада Думе
210 _aАккерман
_d[1895]
215 _a[3] с.
_d35
309 _aБез тит. л. и обл.
532 1 2 _aПроект кондиции на устройство в городе Аккермане водопровода
710 0 2 _aАккерманская гор. управа
_3RU\NLR\AUTH\889991697
_9479361
712 0 2 _aАккерманская гор. дума
801 0 _aRU
_bNLR
_gpsbo
801 1 _aRU
_bProSoft-M
_2rusmarc
852 _aNLR
_j18.268.1.223
942 _cBOOK
980 _aNB